Il francescanesimo dalle origini alla metà del secolo XVI. Explorazioni e questioni aperte. Atti del Convegno della Fondazione Michelle Pellegrino, Università di Torino, 11 novembre 2004, éd. Franco BOLGIANI, Grado Giovanni MERLO, Bologne, Il Mulino, 2005 ; 1 vol. in-8o, 278 p. (Studi, fonti, documenti di storia e letteratura religiosa). ISBN : 88-15-10771-1. Prix : € 21,00. (notice n° 1603652)
[ vue normale ]
| 000 -LEADER | |
|---|---|
| fixed length control field | 00809cam a2200145 4500500 |
| 005 - DATE AND TIME OF LATEST TRANSACTION | |
| control field | 20251228092829.0 |
| 041 ## - LANGUAGE CODE | |
| Language code of text/sound track or separate title | fre |
| 042 ## - AUTHENTICATION CODE | |
| Authentication code | dc |
| 100 10 - MAIN ENTRY--PERSONAL NAME | |
| Personal name | Viallet, Ludovic |
| Relator term | author |
| 245 00 - TITLE STATEMENT | |
| Title | Il francescanesimo dalle origini alla metà del secolo XVI. Explorazioni e questioni aperte. Atti del Convegno della Fondazione Michelle Pellegrino, Università di Torino, 11 novembre 2004, éd. Franco BOLGIANI, Grado Giovanni MERLO, Bologne, Il Mulino, 2005 ; 1 vol. in-8o, 278 p. (Studi, fonti, documenti di storia e letteratura religiosa). ISBN : 88-15-10771-1. Prix : € 21,00. |
| 260 ## - PUBLICATION, DISTRIBUTION, ETC. | |
| Date of publication, distribution, etc. | 2011.<br/> |
| 500 ## - GENERAL NOTE | |
| General note | 47 |
| 786 0# - DATA SOURCE ENTRY | |
| Note | Le Moyen Age | CXVII | 1 | 2011-12-10 | p. 117zy-186zy | 0027-2841 |
| 856 41 - ELECTRONIC LOCATION AND ACCESS | |
| Uniform Resource Identifier | <a href="https://shs.cairn.info/revue-le-moyen-age-2011-1-page-117zy?lang=fr&redirect-ssocas=7080">https://shs.cairn.info/revue-le-moyen-age-2011-1-page-117zy?lang=fr&redirect-ssocas=7080</a> |
Pas d'exemplaire disponible.




Réseaux sociaux